000 00566nam a2200205Ia 4500
005 20260429112116.0
008 260429s9999||||xx |||||||||||||| ||und||
020 _a9781032697291
041 _aEnglish
082 _a572.437
_bDOM
100 _aDomenech-Carbo, Antonio
245 0 _aPlant electrochemistry :
_bphysiology and applications /
_cAntonio Domenech-Carbo
250 _a1st ed.
260 _aBoca Raton :
_bCRC Press,
_c2025.
300 _axiv, 317 p.; hb
650 _a Physiology
650 _a Plant
650 _aElectrochemistry
942 _cTB
999 _c52396
_d52396